000 00214nam a2200109Ia 4500
100 _aODIORNE/GEORGE.S
942 _cBK
245 _aHOW MANAGERS MAKES THINGS.
260 _b#N/A
546 _aENGLISH
999 _c26993
_d26993